000
00308nam a2200133Ia 4500
008
260604s9999 xx 000 0 und d
020
_a
9781472854391
082
_a
940 KER
100
_a
Robert kershaw
_9
35916
245
0
_a
Dünkirchen 1940
260
_b
Osprey Publishing
500
_a
History
942
_c
BK
999
_c
8756
_d
8756